[Event "Tres Cantos op 10th"]
[Site "Tres Cantos"]
[Date "2018.06.27"]
[Round "7.43"]
[White "Martin Serrano, David"]
[Black "Perdiguero Herreros, Alejandro"]
[Result "0-1"]
[WhiteElo "1548"]
[BlackElo "1370"]
[PlyCount "72"]
[EventDate "2018.06.21"]
[EventType "swiss"]
[EventRounds "9"]
[EventCountry "ESP"]
[SourceTitle "EXT 2024"]
[Source "ChessBase"]
[SourceDate "2023.10.10"]
[SourceVersion "1"]
[SourceVersionDate "2023.10.10"]
[SourceQuality "1"]

1. e4 c5 2. Nf3 Nc6 3. Bc4 g6 4. d4 cxd4 5. Nxd4 Bg7 6. Be3 Nf6 7. Nc3 d6 8. 0-0 Ng4 9. Qd2 Nxe3 10. Nxc6 bxc6 11. Qxe3 0-0 12. f4 Qb6 13. Qxb6 axb6 14. Nd1 Bg4 15. c3 b5 16. Bd3 Rfb8 17. Nf2 Be6 18. a3 c5 19. Rfb1 b4 20. cxb4 cxb4 21. a4 Ra5 22. Bb5 Bxb2 23. Rxb2 Rbxb5 24. Nd3 b3 25. Kf2 Rb7 26. Rbb1 Rba7 27. Nb2 d5 28. Ke3 dxe4 29. Kxe4 Bf5+ 30. Ke3 Bxb1 31. Rxb1 Rc7 32. Nd3 Rxa4 33. Rxb3 Ra2 34. Rb2 Rxb2 35. Nxb2 Rc2 36. Nd3 Rxg2 0-1

[Event "Tres Cantos op 10th"]
[Site "Tres Cantos"]
[Date "2018.06.24"]
[Round "4.37"]
[White "Fernandez Salamanca, Gonzalo"]
[Black "Martin Serrano, David"]
[Result "1-0"]
[WhiteElo "1683"]
[BlackElo "1548"]
[PlyCount "59"]
[EventDate "2018.06.21"]
[EventType "swiss"]
[EventRounds "9"]
[EventCountry "ESP"]
[SourceTitle "EXT 2024"]
[Source "ChessBase"]
[SourceDate "2023.10.10"]
[SourceVersion "1"]
[SourceVersionDate "2023.10.10"]
[SourceQuality "1"]

1. d4 Nf6 2. Nf3 e6 3. Bf4 g6 4. Nbd2 Bg7 5. e4 0-0 6. Bd3 Nc6 7. c4 d6 8. 0-0 Nxd4 9. Nxd4 e5 10. Be3 exd4 11. Bxd4 c5 12. Bc3 Re8 13. Re1 Ng4 14. Bxg7 Kxg7 15. f3 Ne5 16. Nf1 Qg5 17. Ne3 Be6 18. Nd5 Bxd5 19. exd5 h5 20. Bf1 b6 21. Re4 Qf6 22. Qe2 Kf8 23. Re1 g5 24. h4 g4 25. f4 Qxh4 26. fxe5 Rxe5 27. Rxe5 dxe5 28. Qxe5 Kg8 29. g3 Qd8 30. Bd3 1-0